| 000 | 01014nam a2200337Ia 4500 | ||
|---|---|---|---|
| 003 | GCL | ||
| 008 | 140319s9999 xx 000 0 ara d | ||
| 040 |
_aGCL / _cGCL |
||
| 082 | 0 | 4 |
_a953 _bم ح |
| 100 | 1 | _aمريم محمد زهيرى | |
| 245 | 1 | 0 |
_aالحضارة الاسلامية بمفهوم الاسلام / _cمريم محمد زهيرى |
| 300 | _a107 ص | ||
| 490 | _a | ||
| 650 | 0 | 4 | _aالفلسفة الاسلامية |
| 650 | 0 | 4 | _aالخلافة |
| 650 | 0 | 4 | _aالاسلام والعلم |
| 650 | 0 | 4 | _aالحج |
| 650 | 0 | 4 | _aالصلاة |
| 650 | 0 | 4 | _aالفتوحات الاسلامية |
| 650 | 0 | 4 | _aالجاهلية |
| 650 | 0 | 4 | _aالصوم |
| 650 | 0 | 4 | _aالزكاة |
| 650 | 0 | 4 | _aالتاريخ الاسلامى |
| 650 | 0 | 4 | _aالايمان |
| 650 | 0 | 4 | _aالغيبيات |
| 650 | 0 | 4 | _aالاذان والاقامة |
| 650 | 0 | 4 | _aالحضارة الاسلامية |
| 650 | 0 | 4 | _aالشعوبية |
| 650 | 0 | 4 | _aالتوحيد(تصوف اسلامى) |
| 942 |
_2ddc _cBK |
||
| 999 |
_c40413 _d40413 |
||